000 00526nam a22002057a 4500
003 IBSLLIB
005 20260515075110.0
008 260512b |||||||| |||| 00| 0 eng d
020 _a0840755090
040 _aIBSLLIB
_beng
041 _hEng
082 _a926.05
_bKAS
100 _aKasha AL.
245 _aReaching the Morning After
260 _aNew York :
_bThomas Nelson ,
_c1986
300 _a192 p ;
_billi ;
_c19 cm
650 _aHistory , Geography
700 _aHirschhorn , Joel
_eCo-Author
942 _cLBK
999 _c22110
_d22110